| 000 | 00440nam a22001817a 4500 | ||
|---|---|---|---|
| 003 | OSt | ||
| 005 | 20250318125537.0 | ||
| 008 | 250318b |||||||| |||| 00| 0 eng d | ||
| 020 | _a9788195379569 | ||
| 082 |
_a8H3 _bTAGR |
||
| 100 | _aTagore, Rabindra | ||
| 245 | _aRabindranath Tagore ki sarvasresth kahaniya | ||
| 260 |
_aGurugram _bLexicon Books |
||
| 300 | _a316p. | ||
| 546 | _aHindi | ||
| 651 | _aHindi fiction | ||
| 942 |
_2ddc _cBK |
||
| 999 |
_c3729 _d3729 |
||